| 000 | 00364nam a2200121 4500 | ||
|---|---|---|---|
| 008 | 180217b xxu||||| |||| 00| 0 eng d | ||
| 100 |
_926606 _aLazaro, Freddie G. |
||
| 245 |
_aFungal disease feared to shrink onion supply/ _cFreddie G. Lazaro |
||
| 260 |
_aPhilippines _bManila Bulletin _cc2016 |
||
| 300 | _apage 12. | ||
| 650 | 0 |
_926607 _aDiseases. |
|
| 942 |
_2ddc _cPER |
||
| 999 |
_c8717 _d8717 |
||